000 00375nam a2200145Ia 4500
008 231129s1999||||xx |||||||||||||| ||spa||
020 _a958-02-1427-1
040 _bspa
082 _a970 M375h
100 _aMarta Julia Fernanda
245 0 _aHuellas: Historia de America
260 _c1999
264 _aVoluntad
942 _2ddc
_cBKS
999 _c15494
_d15494